000 00900nam a2200301Ia 4500
003 OSt
005 20220912150657.0
006 a|||||r|||| 00| 0
007 ta
008 220909b |||||||| |||| 00| 0 eng d
020 _a8120312538 (pbk)
024 _a9271
037 _bKrishna,
037 _cTextual
040 _aCSL
_beng
_cCSL
041 _aeng
082 _aD65,8(B):(S:72), N9;1
100 _aYegnanarayana B
245 0 _aArtifical neural networks
260 _aNew Delhi
_b Prentice-Hall of India Private Limited
_c1999
300 _axiii, 461p
500 _aAppendix A-F, 341-398p.
_ccm.; Bibliography 399-432p.
_ccm.; Indexes 433-461p.
_ccm.
650 _a Artificial intelligence
650 _a Neural network
650 _aComputer science
942 _hD65,8(B):(S:72), N9;1
_cTEXL
_2CC
999 _c52320
_d52320